000 00400nam a2200169Ia 4500
008 230524s9999 xx 000 0 und d
020 _a8120324293
082 _a621.382
_bNII
100 _aNIIT Ltd.
245 0 _aBasics of Electronic Communications
250 _a6TH
260 _aNEW DELHI
_bPHI
_c2004
300 _a377
500 _aQuantity Number: 2
650 _aElectronics
942 _cBK
999 _c4509
_d4509